Khảo sát sự thay đổi giá của các cổ phiếu thuộc danh mục FTSE Vietnam Index : Luận văn Thạc sĩ Kinh tế. Chuyên ngành Tài chính - Ngân hàng
Đề tài phân tích tình hình các cổ phiếu thuộc danh mục FTSE Vietnam Index, kiểm định hiệu ứng ngày trong tuần và tháng trong thay đổi giá của các cổ phiếu thuộc danh mục FTSE Vietnam Index. Đề xuất một số kiến nghị góp phần phát triển thị trư...
Na minha lista:
| Autor principal: | |
|---|---|
| Formato: | Livro |
| Idioma: | Undetermined |
| Publicado em: |
Cần Thơ
Trường Đại học Cần Thơ
2014
|
| Assuntos: | |
| Tags: |
Adicionar Tag
Sem tags, seja o primeiro a adicionar uma tag!
|
| Thư viện lưu trữ: | Trung tâm Học liệu Trường Đại học Cần Thơ |
|---|
| LEADER | 01315nam a2200229Ia 4500 | ||
|---|---|---|---|
| 001 | CTU_198801 | ||
| 008 | 210402s9999 xx 000 0 und d | ||
| 082 | |a 332.6322 | ||
| 082 | |b H455 | ||
| 088 | |a 60340201 | ||
| 100 | |a Nguyễn, Thị Cẩm Hồng | ||
| 245 | 0 | |a Khảo sát sự thay đổi giá của các cổ phiếu thuộc danh mục FTSE Vietnam Index : | |
| 245 | 0 | |b Luận văn Thạc sĩ Kinh tế. Chuyên ngành Tài chính - Ngân hàng | |
| 245 | 0 | |c Nguyễn Thị Cẩm Hồng ; Đỗ Văn Xê (Cán bộ hướng dẫn) | |
| 260 | |a Cần Thơ | ||
| 260 | |b Trường Đại học Cần Thơ | ||
| 260 | |c 2014 | ||
| 520 | |a Đề tài phân tích tình hình các cổ phiếu thuộc danh mục FTSE Vietnam Index, kiểm định hiệu ứng ngày trong tuần và tháng trong thay đổi giá của các cổ phiếu thuộc danh mục FTSE Vietnam Index. Đề xuất một số kiến nghị góp phần phát triển thị trường chứng khoán Việt Nam. | ||
| 650 | |a Stock exchanges,Thị trường chứng khoán | ||
| 904 | |i Nguyễn Minh Nhân (thầy Hải) | ||
| 910 | |a Hải | ||
| 980 | |a Trung tâm Học liệu Trường Đại học Cần Thơ | ||